000 00540nam a2200217Ia 4500
003 OSt
005 20220928135549.0
006 a|||||r|||| 00| 0
007 ta
008 220927b |||||||| |||| 00| 0 eng d
024 _a3182
037 _cTextual
040 _aSDCL
_cSDCL
_beng
041 _2eng
_aeng
082 _aO-,1L88,1:g, K0
100 _aRidenour George M
_9491573
245 0 _aStyle of Don Juan
260 _c1960
942 _hO-,1L88,1:g, K0
_cTEXL
_2CC
999 _c806976
_d806976